000 01088cam a22003377a 4500
003 CHAP
005 20220817043200.0
008 971013s1985 r 00010 d
010 _a67783
011 _a68755
035 _a78229
040 _cCHAP
082 _a634.81
_bG36 1985
100 0 0 _aGalet, Pierre.
_944236
245 0 _aPrécis d`ampélographie pratique par Pierre Galet
250 _a5. ed.
260 _aMontpellier :
_bCharles Dehan,
_c1985
300 _a256 p. láms.
_b: ilus.
500 _aIncluye 64 p. de láminas sobre las variedades de vid
590 _aBATCH-UPD
_b10
_c20130109
_lUCH01
_h2313
590 _aBATCH-UPD
_b10
_c20130110
_lUCH01
_h0837
590 _aBATCH-UPD
_b10
_c20130409
_lUCH01
_h1832
590 _aBATCH-UPD
_b10
_c20130914
_lUCH01
_h1558
590 _aCONVERSION
_b10
_c20130109
_lUCH01
_h1337
650 1 4 _aVid
_xFisiología y morfología.
_9119114
650 1 4 _aVid
_xVariedades.
_9119141
650 1 4 _aViticultura.
901 _aBK
942 _cLIBRO
949 _a634.81 G36 1985
_bBC
_cLIBRO
_d-31103
_eLIBRO
_gI.138585
_h72022
_i78229
_si
_t61.43
999 _c67783
_d67783